00000000nam 2200000za 4500
0019.854399
003CaOODSP
00520250819153642
007cr |||||||||||
008180327s2018    oncdo   ob   f000 0 fre d
020 |a978-0-660-26013-6
040 |aCaOODSP|bfre
043 |an-cn---
0861 |aHP35-104/2018F-PDF
24503|aLe Parkinsonisme au Canada, y compris la maladie de Parkinson |h[ressource électronique] : |bfaits saillants du système Canadien de surveillance des maladies chroniques.
24610|aFaits saillants du système Canadien de surveillance des maladies chroniques
260 |a[Ottawa?] : |bAgence de la santé publique du Canada, |cc2018.
300 |a5 p. : |bgraphiques, photographies
500 |aTitre de départ.
500 |aPubl. aussi en anglais sous le titre : Parkinsonism in Canada, including Parkinson's disease : highlights from the Canadian chronic disease surveillance system.
504 |aComprend des réf. bibliogr.
520 |a« Le parkinsonisme, y compris la maladie de Parkinson, peut avoir des répercussions considérables sur les personnes atteintes, sur leurs soignants ainsi que sur la société. Compte tenu de l’accroissement et du vieillissement de la population, il est estimé que le nombre de Canadiens atteints de parkinsonisme doublera entre 2011 et 2031 et que le taux d’incidence augmentera de 50 % » -- p. [1].
69207|2gccst|aMaladie chronique
69207|2gccst|aPromotion de la santé
69207|2gccst|aSoignant
7102 |aAgence de santé publique du Canada.
77508|tParkinsonism in Canada, including Parkinson's disease |w(CaOODSP)9.854398
794 |tLe parkinsonisme au Canada, y compris la maladie de Parkinson.|b2025|w(CaOODSP)9.949697
85640|qPDF|s695 Ko|uhttps://publications.gc.ca/collections/collection_2018/aspc-phac/HP35-104-2018-fra.pdf
986 |aPub. : 170482